Dzielnice Gdyni - Statystyki

Ogólne statystyki
  • Ten quiz został rozwiązany 73 razy
  • Średni wynik to 15 z 21
Statystyki odpowiedzi
Ludność (2024) Powierzchnia (km²) Dzielnica % Poprawnych
11120 11,49 Śródmieście
96%
19432 3,84 Chylonia
92%
7729 2,96 Redłowo
92%
6631 5,02 Orłowo
90%
10032 1,95 Wzgórze św. Maksymiliana
82%
10548 5,78 Cisowa
78%
14013 4,37 Oksywie
78%
15534 8,5 Witomino
75%
9839 7,94 Mały Kack
71%
11641 2,36 Pogórze
71%
10594 15,03 Wielki Kack
71%
7915 4,38 Grabówek
69%
16795 3,66 Obłuże
69%
15403 25,53 Chwarzno-Wiczlino
65%
9329 3,39 Karwiny
63%
6712 2,75 Leszczynki
63%
13251 6,22 Dąbrowa
61%
7203 1,95 Działki Leśne
57%
7604 15,19 Pustki Cisowskie-Demptowo
57%
1796 2,21 Babie Doły
55%
3748 0,65 Kamienna Góra
47%
Nie znaleziono quizów pasujących do podanych kryteriów
Rozkład punktacji
Procent ludzi z każdym wynikiem
Percentyl według liczby udzielonych odpowiedzi
Twoja historia wyników
Nie rozwiązałeś tego quizu